000 00767nam a22002417a 4500
999 _c15001
_d15001
003 AR-CdUCM
008 190405b ||||| |||| 00| 0 spa d
020 _a9972-847-27-6
040 _aMUNICIPALIDAD PROVINCIAL DEL CUSCO
_cBIBLIOTECA MUNICIPAL DEL CUSCO
082 _aEP / 808.06 /
_bD67
100 _aDiez-Canseco, José.
_98262
245 _aEl trompo /
260 _aLima :
_bCuenta cosas alfaguara,
_bGrupo Santillana,
_c2007.
300 _a42 paginas ;
_bIlustraciones, graficos, dibujos,
_c22 cm.
500 _aCuento
505 _aContenido :El trompo.
650 _aCuentos
_9217
650 _aLiteratura
_983
650 _aTexto Educativo
_925832
700 _aSáez, Rubén (ilustraciones)
_933997
942 _2ddc
_cLIBROS
945 _arum
_d2019-04-25